[Event "FRA-ch op-A"]
[Site "Pau"]
[Date "2008.08.20"]
[Round "8"]
[White "Garro, Pierre"]
[Black "Ider, Borya"]
[Result "1/2-1/2"]
[WhiteElo "2140"]
[BlackElo "2065"]
[PlyCount "110"]
[EventDate "2008.08.11"]
[EventType "swiss"]
[EventRounds "9"]
[EventCountry "FRA"]
[SourceTitle "CBM 126 Extra"]
[Source "ChessBase"]
[SourceDate "2008.11.05"]
[SourceVersion "1"]
[SourceVersionDate "2008.11.05"]
[SourceQuality "1"]

1. e4 c6 2. c4 d5 3. exd5 cxd5 4. cxd5 Nf6 5. Qa4+ Nbd7 6. Nc3 g6 7. Nf3 Bg7 8. Bc4 0-0 9. d3 a6 10. Qa3 Nb6 11. Qb3 Qc7 12. Be3 Nbd7 13. Qa3 Ne5 14. Nxe5 Qxe5 15. d4 Qc7 16. Qc5 Qd8 17. a4 b6 18. Qb4 Bb7 19. Qb3 Qc7 20. Ne2 Rac8 21. Rc1 Qd6 22. Bf4 Qd7 23. Be5 Nxd5 24. Bxg7 Kxg7 25. h4 h5 26. Rh3 Qd6 27. Rf3 Nf6 28. Rg3 Ne4 29. Rh3 e6 30. Rd1 Qc6 31. Rc1 Qd6 32. Rd1 Rfd8 33. Ng1 Qc7 34. Be2 Bd5 35. Qe3 Qd6 36. Bd3 Qb4+ 37. Kf1 Nf6 38. Bxa6 Qxa4 39. Be2 Ng4 40. Qa3 Qc6 41. Nf3 Qc2 42. Ne1 Qf5 43. Bf3 e5 44. Bxg4 Qxg4 45. f3 Bc4+ 46. Kf2 Qf4 47. Qe3 Qf5 48. Rd2 exd4 49. Rxd4 Qb5 50. Rxd8 Rxd8 51. Qc3+ Kh7 52. f4 Be6 53. Re3 Qf5 54. g3 Rc8 55. Qe5 Qxe5 1/2-1/2

[Event "FRA-ch op-A"]
[Site "Pau"]
[Date "2008.08.14"]
[Round "3"]
[White "Lahilhanne, Philippe"]
[Black "Garro, Pierre"]
[Result "1/2-1/2"]
[WhiteElo "2051"]
[BlackElo "2140"]
[PlyCount "60"]
[EventDate "2008.08.11"]
[EventType "swiss"]
[EventRounds "9"]
[EventCountry "FRA"]
[SourceTitle "CBM 126 Extra"]
[Source "ChessBase"]
[SourceDate "2008.11.05"]
[SourceVersion "1"]
[SourceVersionDate "2008.11.05"]
[SourceQuality "1"]

1. c4 Nf6 2. g3 g6 3. Bg2 Bg7 4. Nc3 d6 5. d3 e5 6. h3 c6 7. e4 0-0 8. Nge2 Ne8 9. 0-0 Be6 10. b3 Qc8 11. Kh2 f5 12. f4 Bd7 13. Be3 c5 14. Qd2 Nf6 15. Rae1 Kh8 16. Ng1 Nc6 17. fxe5 Nxe5 18. exf5 gxf5 19. Nge2 Re8 20. Nf4 Nfg4+ 21. Kh1 Nxe3 22. Rxe3 Nc6 23. Ncd5 Rxe3 24. Qxe3 Bd4 25. Qe2 Qg8 26. Kh2 Re8 27. Qh5 Qg7 28. Qh4 Ne5 29. Nh5 Qh6 30. Qf6+ Qxf6 1/2-1/2

[Event "FRA-chT Top 16 GpB"]
[Site "France"]
[Date "2008.03.23"]
[Round "2"]
[White "Garro, Pierre"]
[Black "Taddei, Benoit"]
[Result "0-1"]
[WhiteElo "2178"]
[BlackElo "2265"]
[PlyCount "58"]
[EventDate "2008.03.22"]
[EventType "team"]
[EventRounds "7"]
[EventCountry "FRA"]
[SourceTitle "CBM 123 Extra"]
[Source "ChessBase"]
[SourceDate "2008.05.06"]
[SourceVersion "1"]
[SourceVersionDate "2008.05.06"]
[SourceQuality "1"]

1. e4 e5 2. Nf3 d6 3. d4 exd4 4. Nxd4 Nf6 5. Nc3 Be7 6. Be2 0-0 7. Be3 Re8 8. Nb3 c6 9. Bf3 Bf8 10. 0-0 Nbd7 11. g3 Ne5 12. Bg2 b5 13. a3 a5 14. h3 Bb7 15. Nd2 b4 16. Na4 c5 17. f3 Ned7 18. Bf2 d5 19. exd5 Bxd5 20. c4 Bc6 21. b3 Qc7 22. Nb2 Rad8 23. axb4 axb4 24. Re1 Ne5 25. Re3 Qd7 26. Be1 Qd4 27. Qe2 Qxb2 28. Ra6 Qd4 29. Kh2 Neg4+ 0-1

[Event "FRA-chT Top 16 GpB"]
[Site "France"]
[Date "2008.03.22"]
[Round "1"]
[White "Garro, Pierre"]
[Black "Godena, Michele"]
[Result "0-1"]
[WhiteElo "2178"]
[BlackElo "2559"]
[PlyCount "50"]
[EventDate "2008.03.22"]
[EventType "team"]
[EventRounds "7"]
[EventCountry "FRA"]
[SourceTitle "CBM 123 Extra"]
[Source "ChessBase"]
[SourceDate "2008.05.06"]
[SourceVersion "1"]
[SourceVersionDate "2008.05.06"]
[SourceQuality "1"]

1. e4 e5 2. Nf3 Nc6 3. Bb5 Nf6 4. 0-0 Bc5 5. Nxe5 Nxe5 6. d4 a6 7. Ba4 b5 8. Bb3 Bxd4 9. Qxd4 d6 10. f4 c5 11. Qc3 Neg4 12. e5 c4 13. exf6 0-0 14. Bxc4 Qb6+ 15. Kh1 bxc4 16. fxg7 Re8 17. h3 Nf2+ 18. Kh2 Bb7 19. Qxc4 Rac8 20. Qb3 Qxb3 21. cxb3 Rc2 22. Nc3 Nd3 23. Rg1 Re1 24. Rxe1 Rxg2+ 25. Kh1 Nf2# 0-1

[Event "Marseille op"]
[Site "Marseille"]
[Date "2007.12.30"]
[Round "7"]
[White "Garro, Pierre"]
[Black "Metras, Dominique"]
[Result "1-0"]
[WhiteElo "2167"]
[BlackElo "2082"]
[PlyCount "77"]
[EventDate "2007.12.27"]
[EventType "swiss"]
[EventRounds "9"]
[EventCountry "FRA"]
[SourceTitle "CBM 122 Extra"]
[Source "ChessBase"]
[SourceDate "2008.03.04"]
[SourceVersion "1"]
[SourceVersionDate "2008.03.04"]
[SourceQuality "1"]

1. e4 c5 2. Nf3 d6 3. d4 cxd4 4. Nxd4 Nf6 5. Nc3 a6 6. Be2 e6 7. Be3 Be7 8. a4 b6 9. f4 Qc7 10. 0-0 Bb7 11. Bf3 0-0 12. g4 Nc6 13. g5 Nd7 14. Nb3 Rac8 15. Bg2 Nc5 16. f5 Rfe8 17. g6 hxg6 18. fxg6 fxg6 19. Nxc5 bxc5 20. Qg4 Bf6 21. Qxg6 Ne5 22. Qg3 Rf8 23. Rad1 Rcd8 24. Bc1 Qe7 25. Ne2 Bh4 26. Qh3 Rxf1+ 27. Rxf1 Rf8 28. Nf4 Bc8 29. b3 g5 30. Nd3 Rxf1+ 31. Bxf1 Qf6 32. Bb2 Nf3+ 33. Kh1 Nd4 34. Bg2 Bb7 35. Qg4 Bc6 36. h3 Kg7 37. Kh2 Kh6 38. Bxd4 cxd4 39. e5 1-0

[Event "Marseille op"]
[Site "Marseille"]
[Date "2007.12.28"]
[Round "3"]
[White "Garro, Pierre"]
[Black "Costa, Jean Yves"]
[Result "1-0"]
[WhiteElo "2167"]
[BlackElo "2022"]
[PlyCount "85"]
[EventDate "2007.12.27"]
[EventType "swiss"]
[EventRounds "9"]
[EventCountry "FRA"]
[SourceTitle "CBM 122 Extra"]
[Source "ChessBase"]
[SourceDate "2008.03.04"]
[SourceVersion "1"]
[SourceVersionDate "2008.03.04"]
[SourceQuality "1"]

1. e4 c6 2. c4 d6 3. Nc3 g6 4. g3 Bg7 5. Bg2 Nf6 6. Nge2 0-0 7. 0-0 Na6 8. h3 Rb8 9. d3 Nc7 10. Be3 a6 11. f4 Bd7 12. Bb6 Qc8 13. Kh2 Be8 14. a4 Nd7 15. Ba7 Ra8 16. Be3 a5 17. f5 Ne5 18. Rc1 Na6 19. Na2 Nd7 20. b3 Qc7 21. Qd2 Nac5 22. Rb1 Nb6 23. d4 Ncd7 24. Nac3 Nb8 25. Bh6 N6d7 26. h4 Nf6 27. Bh3 Bd7 28. g4 Na6 29. Bf4 h5 30. g5 Ng4+ 31. Bxg4 hxg4 32. Bg3 Rae8 33. f6 Bh8 34. fxe7 Rxe7 35. c5 Re6 36. cxd6 Qd8 37. e5 Ree8 38. Ne4 Bf5 39. Nf6+ Bxf6 40. gxf6 Kh7 41. Rxf5 Rh8 42. Rh5+ gxh5 43. Qg5 1-0

[Event "FRA-ch U20"]
[Site "Le Grand Bornand"]
[Date "2007.04.14"]
[Round "8"]
[White "Garro, Pierre"]
[Black "Benedic, Patrick"]
[Result "1-0"]
[WhiteElo "2176"]
[BlackElo "2060"]
[PlyCount "53"]
[EventDate "2007.04.07"]
[EventType "swiss"]
[EventRounds "9"]
[EventCountry "FRA"]
[SourceTitle "CBM 118 Extra"]
[Source "ChessBase"]
[SourceDate "2007.07.04"]
[SourceVersion "1"]
[SourceVersionDate "2007.07.04"]
[SourceQuality "1"]

1. d4 Nf6 2. Nf3 e6 3. Nbd2 d5 4. e3 Bd6 5. Bd3 0-0 6. b3 Nbd7 7. Bb2 Qe7 8. Ne5 Ba3 9. Bxa3 Qxa3 10. 0-0 b6 11. f4 Bb7 12. Rf3 g6 13. Qe1 Rfd8 14. Qh4 Qf8 15. Rh3 Qg7 16. Ndf3 h5 17. Ng5 Nxe5 18. fxe5 Nh7 19. Rf1 Rd7 20. Nxh7 Qxh7 21. g4 Qh6 22. gxh5 g5 23. Rg3 Kh8 24. Qxg5 Qxg5 25. Rxg5 Rg8 26. Rxg8+ Kxg8 27. h6 1-0

[Event "FRA-chT1B 0607"]
[Site "France"]
[Date "2006.11.06"]
[Round "3.7"]
[White "Garro, Pierre"]
[Black "Jablonski, Noham"]
[Result "0-1"]
[WhiteElo "2182"]
[BlackElo "2258"]
[PlyCount "128"]
[EventDate "2006.10.15"]
[EventType "team"]
[EventRounds "11"]
[EventCountry "FRA"]
[SourceTitle "EXT 2008"]
[Source "ChessBase"]
[SourceDate "2007.11.25"]
[SourceVersion "1"]
[SourceVersionDate "2007.11.25"]
[SourceQuality "1"]
[WhiteTeam "Hyeres"]
[BlackTeam "Vincennes"]
[WhiteTeamCountry "FRA"]
[BlackTeamCountry "FRA"]

1. e4 c5 2. Nf3 e6 3. d4 cxd4 4. Nxd4 Nf6 5. Nc3 d6 6. Bc4 Be7 7. f4 0-0 8. Bb3 a6 9. Qf3 Qc7 10. 0-0 b5 11. e5 dxe5 12. fxe5 Nfd7 13. Kh1 Bb7 14. Qh3 Nc6 15. Nxc6 Qxc6 16. Bf4 Nc5 17. Ne2 Nxb3 18. cxb3 Qc2 19. Ng3 Qxb2 20. Nh5 Qe2 21. Ng3 Qb2 22. Nh5 Be4 23. Qg4 Bg6 24. Rae1 Qxa2 25. Re3 Qc2 26. Ng3 a5 27. h4 a4 28. bxa4 Rxa4 29. h5 Bf5 30. Qf3 b4 31. Ne2 Ra3 32. Nd4 Rxe3 33. Bxe3 Qe4 34. Nc6 Qh4+ 35. Kg1 Bd8 36. Qe2 Qe4 37. Nxd8 Rxd8 38. Rf4 Qb1+ 39. Kh2 b3 40. Qb5 Qc2 41. Rd4 Rc8 42. Rd2 Qc3 43. Qc5 Qxc5 44. Bxc5 h6 45. Bb4 Rc4 46. Ba3 Ra4 47. Bc5 Bc2 48. Rd8+ Kh7 49. Rb8 Rh4+ 50. Kg3 Rxh5 51. Bd4 Rf5 52. Rb7 Kg6 53. Rb6 h5 54. Bc3 Rf1 55. Bb2 Rb1 56. Bc3 Be4 57. Kh3 Bd5 58. Bd4 Rd1 59. Bc5 Rd3+ 60. g3 Bf3 61. Kh2 Rd1 62. g4 h4 63. Bg1 Bd5 64. Rb4 Re1 0-1

[Event "FRA-chT2C 0506"]
[Site "France"]
[Date "2006.03.11"]
[Round "8.4"]
[White "Fejzovski, Ekrem"]
[Black "Garro, Pierre"]
[Result "0-1"]
[WhiteElo "2182"]
[BlackElo "2150"]
[PlyCount "64"]
[EventDate "2005.10.27"]
[EventType "team"]
[EventRounds "11"]
[EventCountry "FRA"]
[SourceTitle "EXT 2006"]
[Source "ChessBase"]
[SourceDate "2005.11.24"]
[SourceVersion "1"]
[SourceVersionDate "2005.11.24"]
[SourceQuality "1"]

1. d4 Nf6 2. Nf3 e6 3. c4 d5 4. Nc3 dxc4 5. e3 Bb4 6. Qa4+ Nc6 7. Ne5 Bd7 8. Nxd7 Nxd7 9. Qc2 b5 10. Be2 Ba5 11. 0-0 Nb4 12. Qd1 c6 13. a3 Nd5 14. Ne4 Bc7 15. b3 f5 16. bxc4 bxc4 17. Ng3 Nc3 18. Bh5+ g6 19. Qc2 gxh5 20. Qxc3 h4 21. Ne2 Nb6 22. d5 Rg8 23. dxe6 Qd5 24. f3 Be5 25. Nd4 c5 26. Qe1 cxd4 27. Qxh4 d3 28. Qh5+ Rg6 29. Qxh7 Qxe6 30. Rb1 Rh6 31. Qb7 Bxh2+ 32. Kf2 Rb8 0-1

[Event "FRA-chT2C 0506"]
[Site "France"]
[Date "2005.10.16"]
[Round "1.5"]
[White "Henneteau, Jeremie"]
[Black "Garro, Pierre"]
[Result "0-1"]
[WhiteElo "2129"]
[BlackElo "2141"]
[PlyCount "86"]
[EventDate "2005.10.27"]
[EventType "team"]
[EventRounds "11"]
[EventCountry "FRA"]
[SourceTitle "EXT 2006"]
[Source "ChessBase"]
[SourceDate "2005.11.24"]
[SourceVersion "1"]
[SourceVersionDate "2005.11.24"]
[SourceQuality "1"]
[WhiteTeam "Grasse"]
[WhiteTeamCountry "FRA"]

1. d4 c5 2. d5 f5 3. c4 g6 4. Nf3 Bg7 5. Qc2 e5 6. dxe6 dxe6 7. Nc3 Nc6 8. a3 Nd4 9. Qd1 Ne7 10. e3 Nxf3+ 11. gxf3 Bxc3+ 12. bxc3 Qxd1+ 13. Kxd1 e5 14. f4 e4 15. a4 Be6 16. a5 Nc6 17. Be2 0-0-0+ 18. Kc2 b6 19. axb6 axb6 20. h4 Kc7 21. h5 Bf7 22. f3 exf3 23. Bxf3 Bxc4 24. Bxc6 Kxc6 25. hxg6 hxg6 26. Rxh8 Rxh8 27. Bd2 Kb7 28. Rg1 Bf7 29. Re1 Bd5 30. Rg1 Be4+ 31. Kb2 Rh2 32. Kc1 Rh6 33. Be1 Kc6 34. Bg3 Kb5 35. Kd2 Kc4 36. Rc1 Rh8 37. Ke2 Ra8 38. Be1 Ra2+ 39. Bd2 Bd3+ 40. Ke1 b5 41. Kd1 Kd5 42. Ke1 Ke4 43. Rd1 Bc2 0-1

[Event "Wch U18"]
[Site "Belfort"]
[Date "2005.07.21"]
[Round "3"]
[White "Garro, Pierre"]
[Black "Khusnutdinov, Rustam"]
[Result "0-1"]
[WhiteElo "2131"]
[BlackElo "2354"]
[PlyCount "70"]
[EventDate "2005.07.19"]
[EventType "swiss"]
[EventRounds "11"]
[EventCountry "FRA"]
[SourceTitle "CBM 107 Extra"]
[Source "ChessBase"]
[SourceDate "2005.09.01"]
[SourceVersion "1"]
[SourceVersionDate "2005.09.01"]
[SourceQuality "1"]

1. e4 c5 2. Nf3 Nc6 3. d4 cxd4 4. Nxd4 Nf6 5. Nc3 e5 6. Ndb5 d6 7. Bg5 a6 8. Na3 b5 9. Bxf6 gxf6 10. Nd5 f5 11. exf5 Bxf5 12. c3 Bg7 13. Nc2 Be6 14. Nce3 Ne7 15. g4 Nxd5 16. Nxd5 0-0 17. h4 f5 18. g5 e4 19. Nf4 Qd7 20. Nxe6 Qxe6 21. Qb3 d5 22. 0-0-0 Rfd8 23. Kc2 Qe5 24. Be2 f4 25. f3 Kh8 26. h5 Qxg5 27. Rdg1 Qe5 28. fxe4 dxe4 29. h6 Bf6 30. Rh5 Qe7 31. Bg4 e3 32. Be6 f3 33. Rf5 f2 34. Rh1 Rd2+ 35. Kc1 Rad8 0-1

[Event "FRA-ch U18"]
[Site "Calvi"]
[Date "2005.04.22"]
[Round "7"]
[White "Garro, Pierre"]
[Black "Bouhana, Paul Alexandre"]
[Result "1-0"]
[WhiteElo "2124"]
[BlackElo "1994"]
[PlyCount "95"]
[EventDate "2005.04.??"]
[EventType "swiss"]
[EventRounds "9"]
[EventCountry "FRA"]
[SourceTitle "EXT 2006"]
[Source "ChessBase"]
[SourceDate "2005.11.24"]
[SourceVersion "1"]
[SourceVersionDate "2005.11.24"]
[SourceQuality "1"]

1. e4 e5 2. Nf3 Nc6 3. d4 exd4 4. Nxd4 Qh4 5. Nc3 Bb4 6. Be2 Nf6 7. 0-0 Bxc3 8. Nf5 Qxe4 9. Bd3 Qg4 10. f3 Qa4 11. bxc3 0-0 12. Nxg7 Kxg7 13. Bh6+ Kg8 14. Qd2 Qa5 15. Bxf8 Qh5 16. Bh6 d6 17. Rab1 Ne5 18. Rb5 a6 19. Qf4 Ne8 20. Rbb1 Ng7 21. Qg5 Qxg5 22. Bxg5 Ne6 23. Be3 d5 24. Rfe1 c5 25. Bh6 Nc6 26. f4 f6 27. f5 Nc7 28. Bf4 Nb5 29. Bxb5 axb5 30. Rxb5 Bxf5 31. Rxb7 Be4 32. Rb6 Ne7 33. Rb8+ Rxb8 34. Bxb8 Nc6 35. Bd6 c4 36. Re2 Kf7 37. a4 Ke6 38. Bc5 Kd7 39. Rf2 Ke6 40. Bb6 Nb8 41. g4 Na6 42. a5 Nb8 43. Bd4 f5 44. gxf5+ Bxf5 45. Re2+ Be4 46. Re1 Kd6 47. Rb1 Kc7 48. Be5+ 1-0

[Event "FRA-chT2 0405"]
[Site "France"]
[Date "2005.03.12"]
[Round "8.7"]
[White "Darrigues, Alain"]
[Black "Garro, Pierre"]
[Result "1/2-1/2"]
[WhiteElo "2030"]
[BlackElo "2117"]
[PlyCount "114"]
[EventDate "2004.10.10"]
[EventType "team"]
[EventRounds "11"]
[EventCountry "FRA"]
[SourceTitle "EXT 2006"]
[Source "ChessBase"]
[SourceDate "2005.11.24"]
[SourceVersion "1"]
[SourceVersionDate "2005.11.24"]
[SourceQuality "1"]
[WhiteTeam "Bayonne"]
[BlackTeam "Hyeres"]
[WhiteTeamCountry "FRA"]
[BlackTeamCountry "FRA"]

1. d4 c5 2. Nf3 e6 3. c4 Nf6 4. Nc3 cxd4 5. Nxd4 a6 6. e4 Qc7 7. a3 Nc6 8. Be2 Nxd4 9. Qxd4 Bc5 10. Qd3 h5 11. h3 Bd6 12. Be3 Bf4 13. Rd1 Bxe3 14. Qxe3 d6 15. Qg3 Ke7 16. b4 b6 17. f4 Bb7 18. e5 dxe5 19. fxe5 Nd7 20. 0-0 Nxe5 21. Rd4 Rag8 22. Qf4 f6 23. Ne4 Bxe4 24. Qxe4 g5 25. Qc2 Nc6 26. Re4 e5 27. Qd3 Rd8 28. Qf3 Rh6 29. Qf2 Nd4 30. Rd1 Nxe2+ 31. Qxe2 Rxd1+ 32. Qxd1 f5 33. Re1 Qd6 34. Qc2 e4 35. Kh1 Qe5 36. c5 bxc5 37. bxc5 Rc6 38. Rc1 Kf6 39. Qc4 Qb2 40. a4 g4 41. Rc2 Qa1+ 42. Rc1 Qb2 43. Rc2 Qe5 44. Qg8 Qa1+ 45. Kh2 Qe5+ 46. Kh1 Qe7 47. Qd5 Qe6 48. Qd4+ Kg6 49. Kh2 f4 50. hxg4 hxg4 51. Rc4 Kf5 52. Kg1 g3 53. Kf1 Rc7 54. Rb4 Qe5 55. Qd1 Qxc5 56. Qh5+ Kf6 57. Qh6+ Kf5 1/2-1/2

[Event "FRA-chT2 0405"]
[Site "France"]
[Date "2005.02.06"]
[Round "7.7"]
[White "Coutton, Sylvain"]
[Black "Garro, Pierre"]
[Result "1-0"]
[WhiteElo "2150"]
[BlackElo "2117"]
[PlyCount "67"]
[EventDate "2004.10.10"]
[EventType "team"]
[EventRounds "11"]
[EventCountry "FRA"]
[SourceTitle "EXT 2006"]
[Source "ChessBase"]
[SourceDate "2005.11.24"]
[SourceVersion "1"]
[SourceVersionDate "2005.11.24"]
[SourceQuality "1"]
[WhiteTeam "Echiquier Nicois  II"]
[BlackTeam "Hyeres"]
[WhiteTeamCountry "FRA"]
[BlackTeamCountry "FRA"]

1. d4 Nf6 2. c4 g6 3. Nc3 Bg7 4. e4 d6 5. Nf3 0-0 6. Be2 e5 7. 0-0 Qe8 8. d5 a5 9. Ne1 Na6 10. Be3 Nd7 11. a3 f5 12. f3 f4 13. Bf2 g5 14. b4 Qg6 15. c5 dxc5 16. Bxa6 axb4 17. axb4 Rxa6 18. bxc5 Rff6 19. Rxa6 bxa6 20. Qb3 Qf7 21. Nd3 Rh6 22. Rb1 a5 23. c6 Nf8 24. Qb8 Ba6 25. Nc5 Bc4 26. Qc8 g4 27. Qxg4 Rg6 28. Qf5 Bf6 29. Nd7 Qg7 30. Nxf6+ Kh8 31. Ng4 Rg5 32. Qc8 h5 33. Rb8 Kg8 34. Bc5 1-0

[Event "FRA-ch Accession"]
[Site "Val d'Isere"]
[Date "2004.08.??"]
[Round "3"]
[White "Doucet, Christian"]
[Black "Garro, Pierre"]
[Result "1-0"]
[WhiteElo "2278"]
[BlackElo "2062"]
[PlyCount "71"]
[EventDate "2004.08.16"]
[EventType "swiss"]
[EventRounds "11"]
[EventCountry "FRA"]
[SourceTitle "CBM 103 Extra"]
[Source "ChessBase"]
[SourceDate "2005.01.01"]
[SourceVersion "1"]
[SourceVersionDate "2005.01.01"]
[SourceQuality "1"]

1. d4 Nf6 2. c4 g6 3. g3 Bg7 4. Bg2 d6 5. Nf3 0-0 6. 0-0 Nc6 7. Nc3 Bf5 8. b3 Qc8 9. Bb2 Bh3 10. e4 Bxg2 11. Kxg2 Nh5 12. d5 Ne5 13. Nxe5 dxe5 14. f3 f5 15. c5 Nf6 16. Qe2 h5 17. Rad1 h4 18. d6 cxd6 19. cxd6 exd6 20. Rxd6 hxg3 21. hxg3 Nh5 22. Nd5 Qe8 23. Rxg6 f4 24. Rh1 Kf7 25. Rg5 Nxg3 26. Rh7 Rg8 27. Qc4 Qc6 28. Bxe5 Nh5 29. Rgxh5 Qg6+ 30. Kf1 Rac8 31. Nc7+ Ke7 32. Bxg7 Rxg7 33. Rxg7+ Qxg7 34. Qe6+ Kd8 35. Qd6+ Qd7 36. Rh8# 1-0

[Event "France-ch U18"]
[Site "Reims"]
[Date "2004.04.21"]
[Round "5"]
[White "Brih, Said"]
[Black "Garro, Pierre"]
[Result "1/2-1/2"]
[WhiteElo "2237"]
[BlackElo "2024"]
[PlyCount "148"]
[EventDate "2004.04.??"]
[EventType "swiss"]
[EventRounds "9"]
[EventCountry "FRA"]
[SourceTitle "EXT 2005"]
[Source "ChessBase"]
[SourceDate "2004.11.15"]
[SourceVersion "1"]
[SourceVersionDate "2004.11.15"]
[SourceQuality "1"]

1. d4 Nf6 2. Nc3 d5 3. Bg5 Nbd7 4. Qd3 e6 5. e4 dxe4 6. Nxe4 Be7 7. Nxf6+ Nxf6 8. 0-0-0 Qd5 9. Qb5+ Qxb5 10. Bxb5+ Bd7 11. Bxd7+ Nxd7 12. Bxe7 Kxe7 13. Nf3 Rhd8 14. Rhe1 Nf6 15. c4 Kf8 16. Ne5 Rd6 17. c5 Rd5 18. Kc2 Rad8 19. Kc3 Nd7 20. Nxd7+ R8xd7 21. f4 a5 22. a3 a4 23. Re5 b6 24. Rxd5 Rxd5 25. cxb6 cxb6 26. Kb4 b5 27. Kc3 Ke7 28. Kd3 Kd6 29. b4 axb3 30. Kc3 Rh5 31. h3 Rh4 32. Rf1 Kd5 33. Kxb3 Kxd4 34. Kb4 Rh5 35. f5 e5 36. Rd1+ Ke3 37. Re1+ Kf4 38. g3+ Kxg3 39. Rxe5 Kxh3 40. Rxb5 g5 41. fxg6 Rxb5+ 42. Kxb5 hxg6 43. a4 f5 44. a5 f4 45. a6 f3 46. a7 f2 47. a8Q f1Q+ 48. Kc5 Qf5+ 49. Kd4 Qf4+ 50. Kd3 g5 51. Qh1+ Qh2 52. Qf1+ Qg2 53. Qf5+ Qg4 54. Qh7+ Kg2 55. Qe7 Qf3+ 56. Kd2 g4 57. Ke1 Qf2+ 58. Kd1 g3 59. Qe5 Kg1 60. Qg7 g2 61. Qg4 Kh2 62. Qh5+ Kg3 63. Qg6+ Kh3 64. Qe6+ Kh2 65. Qh6+ Kg1 66. Qg6 Qf3+ 67. Kd2 Kh2 68. Qh6+ Qh3 69. Qd6+ Kh1 70. Qd5 Qh6+ 71. Ke2 Kh2 72. Qe5+ Kh3 73. Qf5+ Kg3 74. Qe5+ Qf4 1/2-1/2

[Event "FRA-ch U16"]
[Site "Hyeres"]
[Date "2002.??.??"]
[Round "6.10"]
[White "Tournier, Mathieu"]
[Black "Garro, Pierre"]
[Result "0-1"]
[WhiteElo "2133"]
[BlackElo "2024"]
[PlyCount "114"]
[EventDate "2002.04.05"]
[EventType "swiss"]
[EventRounds "9"]
[EventCountry "FRA"]
[SourceTitle "EXT 2003"]
[Source "ChessBase"]
[SourceDate "2002.11.25"]
[SourceVersion "1"]
[SourceVersionDate "2002.11.25"]
[SourceQuality "1"]

1. e4 c5 2. c3 Nf6 3. e5 Nd5 4. d4 cxd4 5. Nf3 d6 6. cxd4 Nc6 7. exd6 Qxd6 8. Nc3 Bg4 9. Be2 g6 10. Qb3 Nxc3 11. bxc3 Be6 12. Qd1 Bg7 13. 0-0 0-0 14. Be3 Na5 15. Nd2 Rac8 16. Ne4 Qc6 17. f3 Nc4 18. Bf4 b6 19. Re1 Bd5 20. Nf2 Nb2 21. Qc1 Qxc3 22. Ba6 Qxc1 23. Raxc1 Rxc1 24. Bxc1 Bxd4 25. Re2 Nd1 26. Rd2 Bxf2+ 27. Kf1 Rd8 28. Be2 Be3 29. Rxd1 Bxc1 30. Rxc1 Be6 31. a4 Rd4 32. Bb5 Bd7 33. Rc7 Bxb5+ 34. axb5 e6 35. Rxa7 Rb4 36. h4 Rxb5 37. Kf2 h5 38. Kg3 Rb4 39. Rb7 Kg7 40. Kf2 Rxh4 41. Rxb6 Ra4 42. Rb7 g5 43. g3 Ra2+ 44. Kg1 h4 45. gxh4 gxh4 46. Rb4 h3 47. Rh4 h2+ 48. Rxh2 Rxh2 49. Kxh2 Kf6 50. Kg3 Kf5 51. Kg2 Kf4 52. Kf2 e5 53. Ke2 f6 54. Kf2 f5 55. Ke2 Kg3 56. Ke3 f4+ 57. Ke4 Kf2 0-1